00685cam a2200205 a 450000100100000000500170001000800410002702000150006804000290008305000220011208200150013410000350014924500530018426000360023730000270027391000340030004900090033495201190034399900170046200001818520200929165406.0750731s1975 xxca 000 0 fre d a0885240073 aDO-SdBNPbfrecLCdBNPHU00aPQ3919.2.B69bP58 ann*bB825p1 aBrault, Jacques,d1933-93939310aPoèmes des quatre côtés /cJacques Brault. aQuébec :bDu Noroît,c1975. a95 p. :bil. ;c24 cm. aCatalogación por copia / LC aBNGR 001052708MOaGRbGRcCTd2010-04-20iLF1l0onn* B825pp18185-10r2020-06-25w2020-06-25y2ZPréstamo interno c17706d17706